Riconosci il Pokémon - Quiz n°972 - Statistics

Statistiche generali
  • Questo quiz è stato fatto 2 volte
  • Il punteggio medio è 10 su 10
Statistiche sulle risposte
Indizio Risposta % Corretto
Altezza 1,0 m
100%
Peso 33,4 kg
100%
Sesso 50% ♂, 50% ♀
100%
Tasso di cattura 90 (20.1%)
100%
Pokémon Krokorok
100%
Tasso di allevamento Medio-Lento
100%
Abilità Prepotenza; Arroganza; Grancollera
100%
Stadio evoluzione Prima evoluzione
100%
Generazione Quinta
100%
Tipo Terra / Buio
100%
Nessun quiz corrispondente trovato
Distribuzione punteggi
Percentuale di utenti per punteggio
Percentile per numero di risposta
I tuoi punteggi nel tempo
Non hai fatto questo quiz